15 najmniejszych państw na świecie - Statystyki

Ogólne statystyki
  • Ten quiz został rozwiązany 478 razy
  • Średni wynik to 7 z 15
Statystyki odpowiedzi
Hint Odpowiedź % Poprawnych
1 Watykan
97%
5 San Marino
89%
2 Monako
82%
6 Liechtenstein
75%
10 Malta
56%
3 Nauru
42%
4 Tuvalu
40%
7 Wyspy Marshalla
35%
8 Saint Kitts i Nevis
34%
12 Saint Vincent i Grenadyny
33%
13 Barbados
31%
15 Seszele
31%
14 Antigua i Barbuda
30%
11 Grenada
29%
9 Malediwy
28%
Nie znaleziono quizów pasujących do podanych kryteriów
Rozkład punktacji
Procent ludzi z każdym wynikiem
Percentyl według liczby udzielonych odpowiedzi
Twoja historia wyników
Nie rozwiązałeś tego quizu